000
00309nam a22001337a 4500
005
20230726141143.0
008
230726b ||||| |||| 00| 0 eng d
040
_c
AL
041
_a
eng
100
_a
Krishnappa B M
_9
128447
245
_a
Margadarshi
260
_a
Mangalore
_b
Kishen
_c
2006
942
_2
ddc
_c
BK
999
_c
228146
_d
228146